| 000 | 00907nas a2200289 4500 | ||
|---|---|---|---|
| 001 | BR9802481 | ||
| 003 | BR-BrBNA | ||
| 005 | 20231205100751.0 | ||
| 007 | ta | ||
| 008 | 230509b bl.|||p| |||| 00| 00por d | ||
| 040 |
_aBR-BrBNA _bpor _cBiblioteca Nacional de Agricultura |
||
| 041 | _a(Pt) | ||
| 072 | _aF60 | ||
| 100 | 1 | _aNogueira, A.R. de A. | |
| 100 | 1 | _aSouza, G.B. de | |
| 100 | 1 | _aSilva, F.V. da | |
| 100 | 1 | _aZagatto, E.A.G. | |
| 245 | 1 | _aSistema polivalente de analises quimicas por injecao em fluxo: determinacao espectrofotometrica de calcio, magnesio e fosforo em plantas | |
| 650 | _aAnalise Quimica | ||
| 650 | _aEspectrofotometria | ||
| 650 | _aCalcio | ||
| 650 | _aMagnesio | ||
| 650 | _aFosforo | ||
| 773 | 0 |
_tScientia Agricola (Brazil) _xISSN 0103-9016 _g(Sep-Dec 1997), v. 54(3) p. 209-216 _wBR9802481 |
|
| 909 |
_a202311 _bLúcia _c55 _dLúcia Elande |
||
| 942 |
_2AGRIS _n0 _cANA |
||
| 999 |
_c157956 _d157956 |
||